000
00252nam a2200097Ia 4500
008
190216s9999||||xx |||||||||||||| ||und||
100
_a
Chandra Valithamburan
245
0
_a
Thunitharangalum Vasthrangalum
260
_b
Bhasha Institute
942
_c
BK
999
_c
40429
_d
40429